000 00899cad a22001935a 4500
001 E150244
008 100616e20090819xxk v 000 0 eng d
035 _a(Sirsi) u150244
041 0 _aeng
245 0 0 _aDavid Fenwick & Others v National Trust for Scotland and Others
_bopinion
_h[electronic resource]
260 _c2009
520 _aLTS/TC91/2008/03 18 August 2009. Concerned an application under the Title Conditions (Scotland) Act 2003 S91 to discharge all of the title conditions set out in the deed. "Held": application refused.
650 2 4 _aFENWICK V NATIONAL TRUST FOR SCOTLAND
650 2 4 _aTITLE CONDITIONS (SCOTLAND) ACT 2003
651 4 _aScotland
_y1999-
690 _aPlanning and development
_96259
856 4 0 _uhttps://www.lands-tribunal-scotland.org.uk/decisions/LTS.TC91.2008.03.html
_zView the decision free of charge at www.lands-tribunal-scotland.org.uk...
942 _n0
999 _c82429
_d82429